[Event "Quindio-ch"]
[Site "Quindio"]
[Date "2016.09.16"]
[Round "3.2"]
[White "Valencia, Jefferson"]
[Black "Restrepo, Jose Daniel"]
[Result "0-1"]
[WhiteElo "2035"]
[BlackElo "1842"]
[PlyCount "70"]
[EventDate "2016.09.16"]
[EventType "swiss"]
[EventRounds "5"]
[EventCountry "COL"]
[SourceTitle "EXT 2024"]
[Source "ChessBase"]
[SourceDate "2023.10.10"]
[SourceVersion "1"]
[SourceVersionDate "2023.10.10"]
[SourceQuality "1"]

1. e4 d5 2. exd5 Qxd5 3. Nf3 Nf6 4. d4 c6 5. Be2 g6 6. 0-0 Bg7 7. c4 Qd6 8. Nc3 0-0 9. Re1 Bg4 10. Be3 Nbd7 11. Qd2 Rfe8 12. Rad1 Bxf3 13. Bxf3 e5 14. d5 cxd5 15. Nxd5 e4 16. Nxf6+ Qxf6 17. Bg4 Ne5 18. Bd4 Qh4 19. Be2 Rad8 20. Qe3 Bh6 21. Qc3 Bg7 22. Qe3 Bh6 23. Qb3 Ng4 24. h3 Rxd4 25. Bxg4 Rxd1 26. Qxd1 Qd8 27. Qb1 f5 28. Be2 Qf6 29. Bd1 Bg7 30. b4 Qc3 31. Be2 Rd8 32. Kf1 Rd2 33. Kg1 Kf7 34. Qb3 Rxa2 35. Qxa2 Qxe1+ 0-1

[Event "Mosquera op"]
[Site "Mosquera"]
[Date "2014.11.01"]
[Round "4"]
[White "Pena Mora, Carlos"]
[Black "Restrepo, Jose Daniel"]
[Result "0-1"]
[WhiteElo "1650"]
[BlackElo "1887"]
[PlyCount "127"]
[EventDate "2014.10.30"]
[EventType "swiss"]
[EventRounds "9"]
[EventCountry "COL"]
[SourceTitle "EXT 2015"]
[Source "ChessBase"]
[SourceDate "2014.11.20"]
[SourceVersion "1"]
[SourceVersionDate "2014.11.20"]
[SourceQuality "1"]

1. e4 d5 2. exd5 Qxd5 3. Nc3 Qd6 4. d4 Nf6 5. g3 c6 6. Bf4 Qb4 7. Qd2 Qxb2 8. Rb1 Qa3 9. Rb3 Qa5 10. Nf3 g6 11. Ne5 Bg7 12. Bg2 0-0 13. 0-0 Rd8 14. Rd1 Nh5 15. Nc4 Qa6 16. Bf1 b5 17. Ne5 Nd7 18. Nf3 Nc5 19. Rb4 Bg4 20. Qe3 Ne6 21. Be2 Qb6 22. d5 Qxe3 23. Bxe3 Bxf3 24. Bxf3 Bxc3 25. Rb3 b4 26. dxe6 Rxd1+ 27. Bxd1 fxe6 28. Bc5 a5 29. a4 Nf6 30. Bxe7 Kf7 31. Bc5 Ne4 32. Be3 Rc8 33. Rb1 Rd8 34. Bb6 Ra8 35. Be2 Nd2 36. Rd1 Rb8 37. Be3 Rd8 38. Kg2 Rd5 39. Bd3 Nc4 40. Ba7 Nb2 41. Rb1 Nxa4 42. Be4 Rd2 43. Bxc6 Nb2 44. Be4 a4 45. Be3 Rd7 46. Ra1 a3 47. Ra2 Bd4 48. Bg5 Rc7 49. Bd2 Bc3 50. Bg5 Na4 51. Kf1 Bd4 52. Bd2 Nc3 53. Bxc3 Bxc3 54. Ke2 Rd7 55. Bd3 Kf6 56. f4 e5 57. fxe5+ Kxe5 58. Ke3 Rf7 59. Bc4 Bd4+ 60. Kd3 Rf3+ 61. Kd2 Rf2+ 62. Kd3 Bc3 63. Ke3 Rxh2 64. Be2 0-1

[Event "COL-ch"]
[Site "Ibague"]
[Date "2013.07.05"]
[Round "7"]
[White "Restrepo, Jose Daniel"]
[Black "Jaramillo, Daniel Alejandro"]
[Result "1-0"]
[WhiteElo "1944"]
[BlackElo "1693"]
[PlyCount "53"]
[EventDate "2013.07.01"]
[EventType "swiss"]
[EventRounds "11"]
[EventCountry "COL"]
[SourceTitle "EXT 2014"]
[Source "ChessBase"]
[SourceDate "2013.11.20"]
[SourceVersion "1"]
[SourceVersionDate "2013.11.20"]
[SourceQuality "1"]

1. e4 c5 2. Nc3 Nc6 3. f4 d6 4. Bb5 Bd7 5. Nf3 a6 6. Bxc6 Bxc6 7. d3 e6 8. 0-0 Nf6 9. Qe1 d5 10. e5 Nd7 11. Qg3 d4 12. Ne4 g6 13. Bd2 f5 14. exf6 Nxf6 15. Neg5 Bd5 16. Rae1 Qd6 17. Nxe6 Bxe6 18. Rxe6+ Qxe6 19. Re1 Qxe1+ 20. Qxe1+ Kf7 21. Ng5+ Kg7 22. Qe6 Ne8 23. Qf7+ Kh6 24. f5 Nd6 25. Ne6+ Kh5 26. Qf6 Bh6 27. Bxh6 1-0

[Event "COL-ch"]
[Site "Ibague"]
[Date "2013.07.02"]
[Round "2"]
[White "Castaneda Jimenez, Jhon David"]
[Black "Restrepo, Jose Daniel"]
[Result "1-0"]
[WhiteElo "2123"]
[BlackElo "1944"]
[PlyCount "93"]
[EventDate "2013.07.01"]
[EventType "swiss"]
[EventRounds "11"]
[EventCountry "COL"]
[SourceTitle "EXT 2014"]
[Source "ChessBase"]
[SourceDate "2013.11.20"]
[SourceVersion "1"]
[SourceVersionDate "2013.11.20"]
[SourceQuality "1"]

1. d4 Nf6 2. c4 e6 3. g3 Bb4+ 4. Bd2 Qe7 5. Bg2 0-0 6. Nf3 Bxd2+ 7. Nfxd2 Nc6 8. d5 exd5 9. cxd5 Nb4 10. Qb3 Na6 11. Nc3 Nc5 12. Qc2 d6 13. 0-0 a6 14. b4 Ncd7 15. Nb3 b6 16. Nd1 Ne8 17. Ne3 g6 18. Rac1 f5 19. Qd2 Ndf6 20. Nd4 Bd7 21. Nc6 Bxc6 22. Rxc6 Ne4 23. Qd4 Qf6 24. Nc2 Ng5 25. f4 Qxd4+ 26. Nxd4 Nf7 27. Rc2 Nd8 28. Rfc1 Ra7 29. e4 fxe4 30. Bxe4 Nf6 31. Bf3 Ne8 32. Bg4 Nf6 33. Bf3 Rf7 34. a4 Re7 35. Rc3 Kf7 36. g4 Kg7 37. g5 Ne8 38. Kf2 Rf7 39. Kg3 Re7 40. h4 Rf7 41. h5 a5 42. b5 Re7 43. Bg2 Rf7 44. h6+ Kf8 45. Bh3 Kg8 46. Re3 Kf8 47. Rce1 1-0

[Event "Dosquebrad op"]
[Site "Dosquebrad"]
[Date "2013.06.22"]
[Round "6"]
[White "Restrepo, Jose Daniel"]
[Black "Valencia Aguilar, Laura"]
[Result "0-1"]
[WhiteElo "2002"]
[BlackElo "1728"]
[PlyCount "128"]
[EventDate "2013.06.19"]
[EventType "swiss"]
[EventRounds "7"]
[EventCountry "COL"]
[SourceTitle "CBM 155 Extra"]
[Source "ChessBase"]
[SourceDate "2013.08.26"]
[SourceVersion "1"]
[SourceVersionDate "2013.08.26"]
[SourceQuality "1"]

1. e4 e5 2. Nf3 Nc6 3. Bc4 Bc5 4. c3 Nf6 5. d4 exd4 6. cxd4 Bb4+ 7. Nc3 0-0 8. Bg5 h6 9. Bh4 Be7 10. e5 Nh7 11. Bxe7 Qxe7 12. Nd5 Qd8 13. 0-0 d6 14. h3 Be6 15. Ne3 Bxc4 16. Nxc4 dxe5 17. dxe5 Ng5 18. Nxg5 Qxg5 19. f4 Qe7 20. Rc1 Rad8 21. Qg4 Nd4 22. f5 Qg5 23. Qe4 Rfe8 24. Rcd1 Nc6 25. a3 Rxd1 26. Rxd1 Rd8 27. Rxd8+ Qxd8 28. Kh2 Qd4 29. Qxd4 Nxd4 30. Ne3 Nc6 31. e6 fxe6 32. fxe6 Nd4 33. Kg3 Nxe6 34. Kf3 Kf7 35. Ke4 c6 36. Nc4 Ke7 37. Na5 Nd8 38. Kf5 Kf7 39. Nc4 c5 40. Ke5 Ke7 41. Kd5 b6 42. Ne5 g5 43. a4 Ne6 44. g3 Nd4 45. Nc6+ Nxc6 46. Kxc6 Ke6 47. a5 bxa5 48. Kxc5 a4 49. Kb4 Kd5 50. Kxa4 Kc6 51. Kb4 Kb6 52. Kc4 a5 53. b3 Kc6 54. g4 Kb6 55. b4 a4 56. b5 a3 57. Kb3 Kxb5 58. Kxa3 Kc4 59. Kb2 Kd3 60. Kc1 Ke3 61. Kd1 Kf3 62. Ke1 Kg3 63. Kf1 Kxh3 64. Kg1 Kxg4 0-1

[Event "Bogota Mila Memorial op"]
[Site "Bogota"]
[Date "2009.04.??"]
[Round "9"]
[White "Restrepo, Jose Daniel"]
[Black "Castaneda, Victor"]
[Result "0-1"]
[WhiteElo "2002"]
[BlackElo "1938"]
[PlyCount "66"]
[EventDate "2009.04.??"]
[EventType "swiss"]
[EventRounds "9"]
[EventCountry "COL"]
[SourceTitle "EXT 2014"]
[Source "ChessBase"]
[SourceDate "2013.11.20"]
[SourceVersion "1"]
[SourceVersionDate "2013.11.20"]
[SourceQuality "1"]

1. e4 c6 2. d4 d5 3. exd5 cxd5 4. Bd3 Nf6 5. h3 Nc6 6. c3 g6 7. Nf3 Bg7 8. Bf4 0-0 9. Nbd2 Re8 10. 0-0 Nh5 11. Bh2 Qb6 12. Rb1 e5 13. dxe5 Nxe5 14. Bxe5 Bxe5 15. Re1 f6 16. Nd4 Bd7 17. N2f3 Nf4 18. Bc2 Bc7 19. Bb3 Qd6 20. Qd2 Kg7 21. Rxe8 Rxe8 22. Re1 Re4 23. Bc2 f5 24. Qd1 Qe7 25. Bxe4 fxe4 26. Nc2 Qd6 27. Qd4+ Kg8 28. Nd2 Nxg2 29. Kxg2 Qh2+ 30. Kf1 Bxh3+ 31. Ke2 Bg4+ 32. Nf3 Bxf3+ 33. Kd2 Bf4+ 0-1

[Event "Eje Cafetero Region 3rd"]
[Site "Eje Cafetero"]
[Date "2009.03.23"]
[Round "7.16"]
[White "Arturo, Jose Elver Jr"]
[Black "Restrepo, Jose Daniel"]
[Result "1/2-1/2"]
[WhiteElo "1783"]
[BlackElo "1600"]
[PlyCount "28"]
[EventDate "2009.03.21"]
[EventType "swiss"]
[EventRounds "7"]
[EventCountry "COL"]
[SourceTitle "EXT 2024"]
[Source "ChessBase"]
[SourceDate "2023.10.10"]
[SourceVersion "1"]
[SourceVersionDate "2023.10.10"]
[SourceQuality "1"]

1. f4 d5 2. Nf3 Nf6 3. e3 Bg4 4. Be2 e6 5. Ne5 Bxe2 6. Qxe2 Nbd7 7. Nxd7 Qxd7 8. b3 Be7 9. Bb2 0-0 10. d3 d4 11. Nd2 Qc6 12. 0-0-0 a6 13. Nf3 Qb6 14. Ne5 g6 1/2-1/2

[Event "Eje Cafetero Region 3rd"]
[Site "Eje Cafetero"]
[Date "2009.03.22"]
[Round "3.30"]
[White "Rendon, Rodolfo Alberto"]
[Black "Restrepo, Jose Daniel"]
[Result "1-0"]
[WhiteElo "1661"]
[BlackElo "1600"]
[PlyCount "38"]
[EventDate "2009.03.21"]
[EventType "swiss"]
[EventRounds "7"]
[EventCountry "COL"]
[SourceTitle "EXT 2024"]
[Source "ChessBase"]
[SourceDate "2023.10.10"]
[SourceVersion "1"]
[SourceVersionDate "2023.10.10"]
[SourceQuality "1"]

1. d4 d5 2. c4 e6 3. Nc3 Nf6 4. Nf3 Be7 5. Bf4 a6 6. e3 0-0 7. Bd3 dxc4 8. Bxc4 b5 9. Bb3 Bb7 10. 0-0 Nbd7 11. Rc1 Rc8 12. a3 c5 13. Ba2 c4 14. Bb1 Re8 15. e4 Nf8 16. Ne5 Ng6 17. Nxg6 hxg6 18. Be3 e5 19. Nd5 Nxe4 1-0

[Event "Manizales op 21st"]
[Site "Manizales"]
[Date "2009.01.08"]
[Round "1"]
[White "Restrepo, Jose Daniel"]
[Black "Montoya, Duvan"]
[Result "0-1"]
[WhiteElo "1600"]
[BlackElo "1805"]
[PlyCount "42"]
[EventDate "2009.01.08"]
[EventType "swiss"]
[EventRounds "7"]
[EventCountry "COL"]
[SourceTitle "CBM 128 Extra"]
[Source "ChessBase"]
[SourceDate "2009.03.05"]
[SourceVersion "2"]
[SourceVersionDate "2009.03.25"]
[SourceQuality "1"]

1. e4 Nf6 2. Nc3 e5 3. Nf3 Bb4 4. d3 d6 5. h3 Nc6 6. Bg5 Be6 7. Be2 Qd7 8. Qd2 Nd4 9. a3 Ba5 10. b4 Bb6 11. Be3 a5 12. 0-0 h6 13. Rfc1 Ke7 14. Bxd4 exd4 15. Nd1 g5 16. Nh2 g4 17. hxg4 Bxg4 18. Bxg4 Nxg4 19. Qf4 Rhg8 20. f3 Ne3 21. Nf1 Rxg2+ 0-1